[Event "5th EKA IIFL Investment 2019"]
[Site "Mumbai"]
[Date "2020.01.02"]
[Round "4.57"]
[White "Aradhya, Garg"]
[Black "Gaikwad, Siddhant"]
[Result "1-0"]
[WhiteElo "2197"]
[BlackElo "2028"]
[Annotator "ChessBase"]
[PlyCount "53"]
[EventDate "2019.12.30"]
[EventType "swiss"]
[EventCountry "IND"]
[SourceTitle "playchess.com"]
[Source "ChessBase"]
[SourceQuality "1"]
[TimeControl "40/5400+30:1800+30"]

1. e4 {[%emt 0:00:00]} c5 {[%emt 0:00:00]} 2. Nf3 {[%emt 0:00:00]} d6 {[%emt 0:00:00]} 3. Bb5+ {[%emt 0:00:00]} Bd7 {[%emt 0:00:03]} 4. Bxd7+ {[%emt 0:05:22]} Nxd7 {[%emt 0:00:06]} 5. O-O {[%emt 0:00:15]} Ngf6 {[%emt 0:00:09]} 6. Qe2 {[%emt 0:01:55]} Rc8 {[%emt 0:03:46]} 7. c3 {[%emt 0:00:51]} e6 {[%emt 0:01:46]} 8. d4 {[%emt 0:03:07]} cxd4 {[%emt 0:07:14]} 9. cxd4 {[%emt 0:00:07]} d5 {[%emt 0:00:10]} 10. e5 {[%emt 0:07:30]} Ne4 {[%emt 0:04:39]} 11. Nbd2 {[%emt 0:00:23]} Nxd2 {[%emt 0:14:33]} 12. Bxd2 {[%emt 0:00:03]} Be7 {[%emt 0:03:13]} 13. Qb5 {[%emt 0:14:45]} Qb6 {[%emt 0:14:58]} 14. a4 {[%emt 0:01:12]} a6 {[%emt 0:05:21]} 15. Qd3 {[%emt 0:00:18]} Nb8 {[%emt 0:11:31]} 16. h4 {[%emt 0:13:36]} h6 {[%emt 0:02:00]} 17. g4 {[%emt 0:06:07]} Qd8 {[%emt 0:04:03]} 18. Kg2 {[%emt 0:05:53]} h5 {[%emt 0:07:53]} 19. gxh5 {[%emt 0:00:38]} Bxh4 {[%emt 0:01:17]} 20. Rh1 {[%emt 0:01:52]} Rxh5 {[%emt 0:05:59]} 21. Qb3 {[%emt 0:11:01]} b6 {[%emt 0:03:32]} 22. Nxh4 {[%emt 0:05:38]} Rxh4 {[%emt 0:00:30]} 23. Qg3 {[%emt 0:00:05]} Rxh1 {[%emt 0:01:32]} 24. Rxh1 {[%emt 0:00:03]} Kd7 {[%emt 0:02:09]} 25. Rh7 {[%emt 0:03:13]} Rc7 {[%emt 0:05:20]} 26. Qxg7 {[%emt 0:03:03]} Qe7 {[%emt 0:00:40]} 27. Bg5 {[%emt 0:00:23]} 1-0

[Event "5th EKA IIFL Investment 2019"]
[Site "Mumbai"]
[Date "2020.01.02"]
[Round "4.58"]
[White "Dere Pushkar"]
[Black "Masango, Spencer"]
[Result "1/2-1/2"]
[WhiteElo "2061"]
[BlackElo "2181"]
[Annotator "ChessBase"]
[PlyCount "73"]
[EventDate "2019.12.30"]
[EventType "swiss"]
[EventCountry "IND"]
[SourceTitle "playchess.com"]
[Source "ChessBase"]
[SourceQuality "1"]
[TimeControl "40/5400+30:1800+30"]

1. e4 e5 2. Nf3 Nc6 3. Nc3 Nf6 4. a3 d5 5. Bb5 dxe4 6. Nxe5 Bd7 7. Bxc6 Bxc6 8. Qe2 Bd6 9. Nxc6 bxc6 10. Nxe4 O-O 11. Nxd6 Qxd6 12. d3 Rfe8 13. Be3 Nd5 14. O-O Qe5 15. c3 Nxe3 16. fxe3 Qxe3+ 17. Qxe3 Re5 18. Qe4 Rxe4 19. Rad1 Re3 20. Rde1 Rae8 21. Kf2 Rxe1 22. Rxe1 Rxe1 23. Kxe1 f5 24. Kf2 g5 25. Ke3 Kf7 26. b4 Ke6 27. Kd4 Kd6 28. h3 h6 29. c4 Ke6 30. a4 Kd6 31. g3 Ke6 32. Ke3 Ke5 33. d4+ Ke6 34. Kf3 Kd6 35. Ke3 Ke6 36. Kf3 Kd6 37. Ke3 {Ke5 Ke4+} 1/2-1/2

[Event "5th EKA IIFL Investment 2019"]
[Site "Mumbai"]
[Date "2020.01.02"]
[Round "4.59"]
[White "Mahindrakar Indrajeet"]
[Black "Thanki, Hemal Karsanji"]
[Result "0-1"]
[WhiteElo "2042"]
[BlackElo "2164"]
[Annotator "ChessBase"]
[PlyCount "82"]
[EventDate "2019.12.30"]
[EventType "swiss"]
[EventCountry "IND"]
[SourceTitle "playchess.com"]
[Source "ChessBase"]
[SourceQuality "1"]
[TimeControl "40/5400+30:1800+30"]

1. e4 {[%emt 0:00:00]} c5 {[%emt 0:01:53]} 2. c3 {[%emt 0:03:23]} Nf6 {[%emt 0:00:28]} 3. e5 {[%emt 0:00:09]} Nd5 {[%emt 0:00:04]} 4. d4 {[%emt 0:00:19]} cxd4 {[%emt 0:00:06]} 5. Qxd4 {[%emt 0:00:05]} e6 {[%emt 0:01:38]} 6. Bd3 {[%emt 0:01:22]} Nc6 {[%emt 0:03:17]} 7. Qe4 {[%emt 0:00:01]} f5 {[%emt 0:00:19]} 8. Qe2 {[%emt 0:00:08]} d6 {[%emt 0:01:45]} 9. Nf3 {[%emt 0:01:23]} dxe5 {[%emt 0:00:50]} 10. Nxe5 {[%emt 0:00:06]} Nxe5 11. Qxe5 {[%emt 0:00:04]} Qf6 {[%emt 0:00:49]} 12. Bb5+ {[%emt 0:00:04]} Kf7 {[%emt 0:03:41]} 13. Qe2 {[%emt 0:00:01]} Bd6 {[%emt 0:03:23]} 14. O-O {[%emt 0:00:33]} Rd8 {[%emt 0:10:47]} 15. Rd1 {[%emt 0:01:49]} Bd7 {[%emt 0:04:14]} 16. Bxd7 {[%emt 0:38:44]} Rxd7 {[%emt 0:00:17]} 17. c4 {[%emt 0:03:13]} Nb6 {[%emt 0:02:52]} 18. Nc3 {[%emt 0:04:28]} Rad8 {[%emt 0:04:57]} 19. Rxd6 {[%emt 0:08:28]} Rxd6 {[%emt 0:00:06]} 20. c5 {[%emt 0:00:03]} Qxc3 {[%emt 0:11:17]} 21. cxd6 {[%emt 0:02:15]} Qd4 {[%emt 0:13:54]} 22. g3 {[%emt 0:18:02]} Qxd6 {[%emt 0:02:32]} 23. Bf4 {[%emt 0:00:42]} Qd7 {[%emt 0:01:07]} 24. Rc1 {[%emt 0:01:53]} Nd5 {[%emt 0:02:45]} 25. Be5 {[%emt 0:01:03]} Rc8 {[%emt 0:00:36]} 26. Re1 {[%emt 0:01:31]} Rc6 {[%emt 0:00:38]} 27. h4 {[%emt 0:00:48]} Kg8 {[%emt 0:00:34]} 28. h5 {[%emt 0:00:40]} h6 {[%emt 0:00:05]} 29. Rd1 {[%emt 0:01:05]} a6 {[%emt 0:00:16]} 30. b4 {[%emt 0:01:33]} b5 {[%emt 0:02:21]} 31. Kg2 {[%emt 0:04:35]} Rc4 {[%emt 0:00:36]} 32. a3 {[%emt 0:00:52]} Re4 {[%emt 0:04:49]} 33. Qb2 {[%emt 0:03:15]} Ne3+ {[%emt 0:00:08]} 34. fxe3 {[%emt 0:00:42]} Qxd1 {[%emt 0:00:02]} 35. Bd4 {[%emt 0:01:51]} Qxh5 {[%emt 0:03:26]} 36. Qc2 {[%emt 0:00:27]} e5 {[%emt 0:00:57]} 37. Bc5 {[%emt 0:00:49]} Rc4 {[%emt 0:01:28]} 38. Qd3 {[%emt 0:00:17]} Qg4 {[%emt 0:00:37]} 39. Qd5+ {[%emt 0:00:56]} Kh7 {[%emt 0:00:03]} 40. Qxe5 {[%emt 0:00:00]} Rc2+ {[%emt 0:00:00]} 41. Kg1 {[%emt 0:00:23]} Qd1# {[%emt 0:00:26]} 0-1

[Event "5th EKA IIFL Investment 2019"]
[Site "Mumbai"]
[Date "2020.01.02"]
[Round "4.60"]
[White "Chitlange Sakshi"]
[Black "Anadkat Kartavya"]
[Result "0-1"]
[WhiteElo "2163"]
[BlackElo "2023"]
[Annotator "ChessBase"]
[PlyCount "96"]
[EventDate "2019.12.30"]
[EventType "swiss"]
[EventCountry "IND"]
[SourceTitle "playchess.com"]
[Source "ChessBase"]
[SourceQuality "1"]
[TimeControl "40/5400+30:1800+30"]

1. d4 {[%emt 0:00:00]} f5 {[%emt 0:00:45]} 2. Nf3 {[%emt 0:01:00]} Nf6 {[%emt 0:00:09]} 3. g3 {[%emt 0:00:11]} g6 {[%emt 0:00:44]} 4. Bg2 {[%emt 0:00:06]} Bg7 {[%emt 0:00:03]} 5. O-O {[%emt 0:00:51]} O-O {[%emt 0:00:03]} 6. c4 {[%emt 0:02:21]} d6 {[%emt 0:00:02]} 7. Nc3 {[%emt 0:00:44]} c6 {[%emt 0:00:01]} 8. Re1 {[%emt 0:05:12]} Qe8 {[%emt 0:14:09]} 9. b3 {[%emt 0:05:36]} Ne4 {[%emt 0:03:42]} 10. Bb2 {[%emt 0:12:35]} Nxc3 {[%emt 0:12:41]} 11. Bxc3 {[%emt 0:00:01]} Nd7 {[%emt 0:00:03]} 12. e4 {[%emt 0:06:58]} f4 {[%emt 0:01:27]} 13. e5 {[%emt 0:00:53]} dxe5 {[%emt 0:08:59]} 14. dxe5 {[%emt 0:01:31]} Nc5 {[%emt 0:01:16]} 15. b4 {[%emt 0:05:27]} Ne6 {[%emt 0:01:08]} 16. Qb3 {[%emt 0:11:33]} Qf7 {[%emt 0:06:13]} 17. Re4 {[%emt 0:04:00]} a5 {[%emt 0:02:20]} 18. Rd1 {[%emt 0:02:51]} axb4 {[%emt 0:01:04]} 19. Bxb4 {[%emt 0:00:33]} b6 {[%emt 0:02:52]} 20. g4 {[%emt 0:01:41]} c5 {[%emt 0:05:56]} 21. Bc3 {[%emt 0:01:13]} Bb7 {[%emt 0:00:34]} 22. Ree1 {[%emt 0:01:16]} Rfb8 {[%emt 0:01:37]} 23. Rd7 {[%emt 0:08:15]} Bc8 {[%emt 0:03:06]} 24. Rd2 {[%emt 0:02:16]} Qe8 {[%emt 0:01:53]} 25. Qd1 {[%emt 0:08:47]} Bb7 {[%emt 0:01:25]} 26. Rb2 Bc6 {[%emt 0:01:00]} 27. Qb1 {[%emt 0:02:23]} Ra6 {[%emt 0:02:06]} 28. Rd1 {[%emt 0:00:50]} Qc8 {[%emt 0:00:29]} 29. h3 {[%emt 0:02:38]} Qb7 {[%emt 0:00:58]} 30. Ne1 {[%emt 0:02:08]} Bxg2 {[%emt 0:03:34]} 31. Nxg2 {[%emt 0:00:01]} Ng5 {[%emt 0:00:17]} 32. Qd3 {[%emt 0:02:52]} Ra3 {[%emt 0:02:55]} 33. Nxf4 {[%emt 0:02:49]} Rxc3 {[%emt 0:01:00]} 34. Qxc3 {[%emt 0:00:24]} Bxe5 {[%emt 0:00:26]} 35. Qc2 {[%emt 0:03:01]} Bxf4 {[%emt 0:01:48]} 36. Qd3 {[%emt 0:01:01]} Nf3+ {[%emt 0:01:05]} 37. Kf1 {[%emt 0:00:24]} Nd4 {[%emt 0:00:04]} 38. Kg1 {[%emt 0:00:29]} Rd8 {[%emt 0:00:36]} 39. Qb1 {[%emt 0:01:19]} Nf3+ {[%emt 0:00:25]} 40. Kf1 {[%emt 0:00:00]} Nd2+ {[%emt 0:00:00]} 41. Kg1 {[%emt 0:02:44]} Nxb1 {[%emt 0:00:54]} 42. Rxd8+ {[%emt 0:00:02]} Kf7 {[%emt 0:00:01]} 43. Rxb1 {[%emt 0:00:09]} Bd6 {[%emt 0:00:44]} 44. Re1 {[%emt 0:01:07]} Qf3 {[%emt 0:00:45]} 45. Re3 {[%emt 0:00:12]} Qf4 {[%emt 0:01:11]} 46. Rc3 {[%emt 0:01:16]} Be5 {[%emt 0:01:05]} 47. Re3 {[%emt 0:01:31]} Bd4 {[%emt 0:00:20]} 48. Re2 {[%emt 0:00:16]} Qf3 0-1

[Event "5th EKA IIFL Investment 2019"]
[Site "Mumbai"]
[Date "2020.01.02"]
[Round "4.61"]
[White "Pandey Srishti"]
[Black "Iasman, Inna"]
[Result "1-0"]
[WhiteElo "2162"]
[BlackElo "1756"]
[Annotator "ChessBase"]
[PlyCount "73"]
[EventDate "2019.12.30"]
[EventType "swiss"]
[EventCountry "IND"]
[SourceTitle "playchess.com"]
[Source "ChessBase"]
[SourceQuality "1"]
[TimeControl "40/5400+30:1800+30"]

1. e4 {[%emt 0:00:00]} c6 {[%emt 0:00:00]} 2. d4 {[%emt 0:00:00]} d5 {[%emt 0:00:00]} 3. Nd2 {[%emt 0:00:00]} dxe4 {[%emt 0:00:21]} 4. Nxe4 {[%emt 0:00:00]} Bf5 {[%emt 0:00:38]} 5. Ng3 {[%emt 0:00:04]} Bg6 {[%emt 0:00:10]} 6. h4 {[%emt 0:00:03]} h6 {[%emt 0:00:19]} 7. Nh3 {[%emt 0:00:05]} Nf6 {[%emt 0:01:14]} 8. Nf4 {[%emt 0:00:12]} Bh7 {[%emt 0:00:24]} 9. Bc4 {[%emt 0:00:04]} e6 {[%emt 0:04:24]} 10. c3 {[%emt 0:00:30]} Nbd7 {[%emt 0:02:17]} 11. O-O {[%emt 0:00:17]} Nb6 {[%emt 0:02:04]} 12. Bb3 {[%emt 0:01:23]} Nbd5 {[%emt 0:02:29]} 13. Nxd5 {[%emt 0:00:05]} cxd5 {[%emt 0:06:17]} 14. Nh5 {[%emt 0:01:19]} a6 {[%emt 0:05:31]} 15. Re1 {[%emt 0:06:00]} Nxh5 {[%emt 0:08:44]} 16. Qxh5 {[%emt 0:00:17]} Be7 {[%emt 0:01:28]} 17. Rxe6 {[%emt 0:11:17]} O-O {[%emt 0:03:57]} 18. Re5 {[%emt 0:02:02]} Bxh4 {[%emt 0:05:31]} 19. Rxd5 {[%emt 0:03:01]} Qf6 {[%emt 0:09:35]} 20. g3 {[%emt 0:03:31]} Bxg3 {[%emt 0:03:07]} 21. fxg3 {[%emt 0:03:25]} Bd3 {[%emt 0:02:20]} 22. Bf4 {[%emt 0:01:06]} Bg6 {[%emt 0:03:09]} 23. Qh4 {[%emt 0:00:48]} Qc6 {[%emt 0:01:03]} 24. Re1 {[%emt 0:07:33]} Kh7 {[%emt 0:05:19]} 25. Rd6 {[%emt 0:03:10]} Qb5 {[%emt 0:01:27]} 26. Rd5 {[%emt 0:02:53]} Qd3 {[%emt 0:02:38]} 27. Rde5 {[%emt 0:00:16]} Rad8 {[%emt 0:02:23]} 28. Qh2 {[%emt 0:00:26]} Qf3 {[%emt 0:01:04]} 29. Qe2 {[%emt 0:02:57]} Qc6 {[%emt 0:00:12]} 30. d5 {[%emt 0:00:11]} Qf6 {[%emt 0:03:11]} 31. Re7 {[%emt 0:00:59]} Qf5 {[%emt 0:01:42]} 32. Bc7 {[%emt 0:00:15]} Rc8 {[%emt 0:01:22]} 33. d6 {[%emt 0:00:20]} Qc5+ {[%emt 0:03:02]} 34. Qe3 {[%emt 0:00:07]} Qc6 {[%emt 0:01:46]} 35. Bd1 {[%emt 0:00:36]} Bf5 {[%emt 0:01:05]} 36. Bf3 {[%emt 0:00:43]} Qb5 {[%emt 0:00:54]} 37. Re5 {[%emt 0:00:08]} 1-0

[Event "5th EKA IIFL Investment 2019"]
[Site "Mumbai"]
[Date "2020.01.02"]
[Round "4.62"]
[White "Ghelani Dhairya"]
[Black "Soham Datar"]
[Result "1/2-1/2"]
[WhiteElo "2027"]
[BlackElo "2145"]
[Annotator "ChessBase"]
[PlyCount "98"]
[EventDate "2019.12.30"]
[EventType "swiss"]
[EventCountry "IND"]
[SourceTitle "playchess.com"]
[Source "ChessBase"]
[SourceQuality "1"]
[TimeControl "40/5400+30:1800+30"]

1. d4 {[%emt 0:00:00]} Nf6 {[%emt 0:03:24]} 2. c4 {[%emt 0:00:00]} c6 {[%emt 0:00:03]} 3. Nc3 {[%emt 0:00:00]} d5 {[%emt 0:00:03]} 4. cxd5 {[%emt 0:00:00]} cxd5 {[%emt 0:00:23]} 5. Bf4 {[%emt 0:00:00]} Nc6 {[%emt 0:00:25]} 6. e3 {[%emt 0:00:00]} a6 {[%emt 0:00:10]} 7. Bd3 {[%emt 0:00:08]} Bg4 {[%emt 0:03:03]} 8. Nge2 {[%emt 0:00:06]} e6 {[%emt 0:02:29]} 9. O-O {[%emt 0:01:15]} Be7 {[%emt 0:03:46]} 10. f3 {[%emt 0:03:38]} Bh5 {[%emt 0:00:19]} 11. Na4 {[%emt 0:00:50]} O-O {[%emt 0:05:10]} 12. Nc5 {[%emt 0:02:58]} Bxc5 {[%emt 0:05:30]} 13. dxc5 {[%emt 0:00:02]} e5 {[%emt 0:00:12]} 14. Bg5 {[%emt 0:01:04]} Bg6 {[%emt 0:06:55]} 15. Bxg6 {[%emt 0:25:04]} hxg6 {[%emt 0:01:50]} 16. Qb3 {[%emt 0:01:42]} Qd7 {[%emt 0:11:56]} 17. Rad1 {[%emt 0:10:48]} Rfd8 {[%emt 0:04:38]} 18. Nc3 {[%emt 0:06:04]} Ne7 {[%emt 0:07:00]} 19. Bxf6 {[%emt 0:09:27]} gxf6 {[%emt 0:00:26]} 20. Nxd5 {[%emt 0:00:15]} Nxd5 {[%emt 0:00:15]} 21. e4 {[%emt 0:00:04]} Qc7 {[%emt 0:05:38]} 22. Rxd5 {[%emt 0:00:17]} Rxd5 {[%emt 0:00:02]} 23. Qxd5 {[%emt 0:00:01]} Rd8 {[%emt 0:00:02]} 24. Qc4 {[%emt 0:00:15]} Rd2 {[%emt 0:01:30]} 25. Rf2 {[%emt 0:03:44]} Rd1+ {[%emt 0:02:20]} 26. Rf1 {[%emt 0:00:03]} Rd2 {[%emt 0:00:18]} 27. Rf2 {[%emt 0:01:27]} Rd1+ {[%emt 0:01:37]} 28. Rf1 {[%emt 0:00:01]} Rd2 {[%emt 0:00:15]} 29. Qc3 {[%emt 0:01:12]} Qd7 {[%emt 0:00:10]} 30. Rf2 {[%emt 0:05:54]} Rd3 {[%emt 0:03:08]} 31. Qc4 {[%emt 0:00:03]} Rd1+ {[%emt 0:00:30]} 32. Rf1 {[%emt 0:00:14]} Rd4 {[%emt 0:03:49]} 33. Qc3 {[%emt 0:00:05]} Qa4 {[%emt 0:01:27]} 34. a3 {[%emt 0:02:06]} Qb5 {[%emt 0:07:27]} 35. b4 {[%emt 0:01:49]} Rd3 {[%emt 0:00:15]} 36. Qb2 {[%emt 0:00:47]} Qa4 {[%emt 0:01:38]} 37. Ra1 {[%emt 0:00:54]} Rb3 {[%emt 0:01:14]} 38. Qc1 {[%emt 0:01:09]} a5 {[%emt 0:03:12]} 39. Rb1 {[%emt 0:08:32]} Rxa3 {[%emt 0:08:09]} 40. bxa5 {[%emt 0:00:00]} Qd4+ {[%emt 0:00:00]} 41. Kh1 {[%emt 0:00:33]} Rxa5 {[%emt 0:03:46]} 42. c6 {[%emt 0:02:32]} bxc6 {[%emt 0:01:06]} 43. Qxc6 {[%emt 0:00:30]} Ra1 {[%emt 0:04:37]} 44. Qc1 {[%emt 0:01:41]} Rxb1 {[%emt 0:00:05]} 45. Qxb1 {[%emt 0:00:02]} Kg7 {[%emt 0:00:05]} 46. h3 {[%emt 0:00:19]} Qd2 {[%emt 0:00:09]} 47. Qb5 {[%emt 0:01:47]} Qc1+ {[%emt 0:00:09]} 48. Kh2 {[%emt 0:00:01]} Qf4+ {[%emt 0:00:07]} 49. Kg1 {[%emt 0:00:01]} Qc1+ {[%emt 0:00:54]} 1/2-1/2

[Event "5th EKA IIFL Investment 2019"]
[Site "Mumbai"]
[Date "2020.01.02"]
[Round "4.63"]
[White "Rathneesh R"]
[Black "Fedorov, Alexei"]
[Result "0-1"]
[WhiteElo "2064"]
[BlackElo "2562"]
[Annotator "TA"]
[PlyCount "80"]
[EventDate "2019.12.30"]
[EventType "swiss"]
[EventCountry "IND"]
[SourceTitle "playchess.com"]
[Source "ChessBase"]
[SourceQuality "1"]

{[%evp 9,80,12,27,17,25,19,35,28,28,30,28,9,24,11,32,19,22,24,39,-6,43,12,60,47,48,-56,-47,-93,-56,-89,-84,-139,-138,-184,-86,-81,-81,-87,-71,-73,-78,-75,-71,-56,-60,-79,-78,-112,-108,-281,-277,-277,-268,-289,-266,-347,-254,-244,-239,-232,-243,-355,-371,-362,-350,-529,-521,-791,-754,-2158,-2778,-12830,-2203]} 1. c4 e5 2. g3 Nc6 3. Bg2 Bc5 4. Nc3 d6 5. e3 a6 6. Nge2 {A25: English Opening vs King's Indian with ...Nc6 but without early d3} Ba7 7. a3 (7. Rb1 h5 8. h4 Nf6 9. b4 Ng4 10. d4 Bf5 11. Rb2 Nf6 12. O-O {0-1 (65) Aravindh,C (2598)-Firouzja,A (2682) Xingtai 2019}) 7... Nf6 8. b4 {White is slightly better.} O-O 9. O-O Rb8 10. h3 Ne7 {[%cal Bc6e7,Be7f5,Bf5h4][%mdl 32]} 11. d4 exd4 12. exd4 h6 $146 ({Predecessor:} 12... Ng6 13. Nf4 Nxf4 14. Bxf4 {1-0 (35) Wiebe,P (2229)-Guelsen,T (2095) Dortmund 2017}) 13. Re1 Re8 14. Bb2 Nf5 15. Qd2 b5 16. cxb5 axb5 17. Rac1 (17. Nf4 $1 $14) 17... d5 $1 $15 18. g4 Nh4 19. Ng3 c6 20. Nb1 (20. Nce2 $142) 20... Bd7 $17 21. Qd3 Nh7 (21... Rxe1+ $19 {is more deadly.} 22. Rxe1 {[#]} h5 $1 {[%mdl 512]} 23. gxh5 Nh7) 22. Rxe8+ Qxe8 23. Nd2 Ng5 24. Nb3 Qe7 25. Nc5 Re8 26. Bc3 Ne6 27. Nxe6 fxe6 28. Re1 Rf8 29. Nf5 $2 (29. Rf1 $17) 29... Qf6 $19 ({But not} 29... Nxf5 30. gxf5 Qf6 31. fxe6 $17) 30. Nxh4 {[#] And now Ng6 would win.} Qxf2+ ({Not} 30... Qxh4 31. Qd2 $17) 31. Kh1 {Threatens to win with Ng6.} Qxh4 32. Re5 Bb8 33. Be1 Qf6 34. Re3 Ba7 35. Re5 (35. Bc3 $142) 35... Qf4 36. Bc3 Bb6 37. g5 (37. Qe3 $142) 37... hxg5 {Black is clearly winning.} 38. Qg6 Qc1+ 39. Kh2 Qxc3 40. Rxg5 Bc7+ {Accuracy: White = 32%, Black = 75%.} 0-1

[Event "5th EKA IIFL Investment 2019"]
[Site "Mumbai"]
[Date "2020.01.02"]
[Round "4.64"]
[White "Vasquez Schroeder, Rodrigo"]
[Black "Sarbojit Paul"]
[Result "1-0"]
[WhiteElo "2487"]
[BlackElo "2084"]
[Annotator "TA"]
[PlyCount "105"]
[EventDate "2019.12.30"]
[EventType "swiss"]
[EventCountry "IND"]
[SourceTitle "playchess.com"]
[Source "ChessBase"]
[SourceQuality "1"]

{[%evp 26,105,0,0,30,24,43,38,43,25,25,20,33,17,47,0,0,0,47,0,16,-6,-13,-43,0,0,0,0,17,7,4,21,20,16,33,19,32,29,47,40,97,54,77,66,81,79,57,52,111,105,110,106,107,85,89,62,68,64,66,44,44,55,51,48,59,35,43,0,0,-8,46,38,36,42,34,32,633,607,591,586,551,554]} 1. e4 c5 2. Nf3 e6 3. d4 cxd4 4. Nxd4 Nc6 5. Nb5 d6 6. c4 Nf6 7. N1c3 a6 8. Na3 Be7 9. Be2 O-O 10. O-O b6 11. Be3 Bb7 12. Qb3 Ne5 13. f3 Ned7 14. Rfd1 Rb8 {B44: Sicilian: Taimanov: 5 Nb5} (14... Re8 15. Rac1 Rc8 16. Rd2 d5 17. e5 dxc4 18. Bxc4 Nd5 19. Bxd5 Bxd5 20. Qd1 Bxa3 21. bxa3 Nxe5 22. Nxd5 Rxc1 23. Qxc1 exd5 {0-1 (67) Kasparov,S (2485)-Van Foreest,J (2547) Groningen 2015}) 15. Rac1 Qc7 16. Kh1 Rfe8 {White is slightly better.} 17. Bf1 $146 ({Predecessor:} 17. Bg1 Ba8 18. Nc2 Nc5 19. Qa3 Bb7 20. b4 Ncd7 21. Qb3 Ne5 22. Ne3 {1-0 (70) Kolas,T (2171)-Revil,B Oslo 2004}) 17... h6 18. Qc2 Rbc8 19. Qf2 Qb8 20. Bf4 Nh5 21. Be3 Nhf6 22. h3 d5 23. exd5 exd5 24. Nxd5 Nxd5 25. cxd5 Rxc1 26. Bxc1 Bc5 27. Qh4 $1 Be7 28. Qf4 Bd6 29. Qf5 Ne5 30. Nb1 Qd8 31. Nc3 Bc8 32. Qc2 $1 f5 (32... b5 $14) 33. Qf2 Bc5 34. Qg3 Bd6 35. f4 Nd7 36. Bd3 Nc5 (36... Nf6 $14) 37. Bc2 $16 b5 38. a3 Qf6 39. Qf2 Bd7 40. Re1 Rxe1+ 41. Qxe1 a5 42. Qe3 b4 43. axb4 axb4 44. Ne2 Qf7 45. Qf3 Qf6 46. Ng3 g6 47. Qe3 Kf7 ({Black should try} 47... Bb5 $11) 48. Ne2 $14 Bb5 49. Nd4 $36 {[%mdl 2048] White fights for an advantage.} Bc4 50. Nc6 {[#] Hoping for Ne5+.} Nd7 $2 {[%mdl 8192]} (50... Bxd5 $14 51. Nxb4 Be4) 51. Qa7 $18 {White is clearly winning.} Ke8 52. Qa8+ Kf7 53. Qb7 {[%mdl 64] Double Attack. Accuracy: White = 53%, Black = 51%.} 1-0

[Event "5th EKA IIFL Investment 2019"]
[Site "Mumbai"]
[Date "2020.01.03"]
[Round "5.1"]
[White "Tukhaev, Adam"]
[Black "Bogdanovich, Stanislav"]
[Result "1-0"]
[WhiteElo "2552"]
[BlackElo "2562"]
[Annotator "TA"]
[PlyCount "107"]
[EventDate "2019.12.30"]
[EventType "swiss"]
[EventCountry "IND"]
[SourceTitle "playchess.com"]
[Source "ChessBase"]
[SourceQuality "1"]

{[%evp 12,107,50,33,43,29,38,29,40,32,70,75,67,60,114,84,141,135,144,144,135,135,126,135,132,112,155,149,140,141,138,133,153,154,130,150,187,158,527,514,641,629,574,0,0,0,0,0,0,0,83,76,73,0,167,167,167,127,182,182,182,182,182,182,175,175,212,177,263,263,256,256,256,256,263,263,256,256,256,256,256,256,256,249,256,242,234,234,279,279,279,278,278,278,279,278,257,216]} 1. e4 g6 2. d4 Bg7 3. Nc3 c6 4. f4 d5 5. e5 h5 6. Be3 Nh6 7. Qd2 Ng4 {B15: Caro-Kann: 3 Nc3: 3...g6 and 3...dxe4 4 Nxe4 Nf6 5 Nxf6+ exf6} (7... a5 8. Be2 b5 9. Nf3 Ba6 10. O-O e6 11. Nd1 b4 12. Nf2 Nf5 13. g3 Bf8 14. Kg2 Nd7 15. h3 {1-0 (34) Rublevsky,S (2649)-Bologan,V (2669) chessassistantclub.com INT 2004}) 8. O-O-O b5 9. Nf3 Nxe3 {White has an edge.} 10. Qxe3 Bg4 11. h3 Bxf3 12. Qxf3 h4 $146 (12... Nd7 $14) ({Predecessor:} 12... e6 13. g4 Nd7 14. Kb1 Nb6 15. f5 hxg4 16. hxg4 Rxh1 17. Qxh1 {1-0 (41) Gdanski,J (2435)-Maciejewski,A (2350) Czestochowa 1992}) 13. g4 $16 hxg3 ({Black should try} 13... e6) 14. h4 e6 15. h5 gxh5 16. Rxh5 Rxh5 17. Qxh5 Qe7 18. Rd3 Nd7 19. Rxg3 Bf8 20. f5 O-O-O 21. f6 Nxf6 22. exf6 Qxf6 {...Qf4+ is the strong threat.} 23. Rf3 Qxd4 24. Qxf7 Bh6+ $2 (24... Qe5 $16 {is more resistant.} 25. Kd1 Kb8) 25. Kb1 $18 Qe5 {( -> ...Qe1+)} 26. a4 Rf8 27. Qxf8+ $2 (27. Qe7 $1 $18 {Threatening mate with Bxb5.} Rxf3 28. Bxb5 $1 {[%mdl 512]} cxb5 29. Nxb5 Qe1+ 30. Ka2) 27... Bxf8 $11 28. Rxf8+ Kd7 29. axb5 Ke7 30. Rf3 $1 d4 (30... Qe1+ $11 31. Ka2 d4) 31. Ne2 $1 $16 cxb5 {[#]} 32. Rf4 (32. Nc1 $1 $16) 32... b4 $2 (32... d3 $11 33. cxd3 Qe3) 33. Rxd4 $18 b3 {Strongly threatening ...Qf5.} 34. Rd1 bxc2+ (34... Qf5 $16 35. Nd4 {[%mdl 64] Double Attack} bxc2+ 36. Nxc2 Qf3) 35. Kxc2 Qf5+ 36. Kc1 Qg5+ {[#]} 37. Rd2 $1 Qb5 38. Bg2 a5 39. Nc3 Qc5 (39... Qa6 {keeps fighting.} 40. b3 Kf6) 40. Kb1 Qc4 41. Re2 Qd3+ 42. Ka2 Kf7 43. Re4 Qd6 44. Bf1 e5 45. Bc4+ Kg6 46. Bd5 Kf5 47. Rc4 Qb6 48. Rc6 Qa7 49. Bb3 Qb8 50. Rc5 {White has a decisive advantage.} Qb6 51. Bc2+ Ke6 52. Rb5 Qd8 53. Ka3 Qc7 54. Ka4 {Accuracy: White = 94%, Black = 39%.} 1-0